الجودة والمسؤولية في التعليم العالي : (Record no. 3229)

MARC details
000 -LEADER
fixed length control field 01265nam a2200253 ar4500
001 - CONTROL NUMBER
control field 3231
005 - DATE AND TIME OF LATEST TRANSACTION
control field 20221127090715.0
008 - FIXED-LENGTH DATA ELEMENTS--GENERAL INFORMATION
fixed length control field 130427s su a 00010|ara d
020 ## - INTERNATIONAL STANDARD BOOK NUMBER
International Standard Book Number 9789960546346(غلاف مقوي)
082 04 - DEWEY DECIMAL CLASSIFICATION NUMBER
Classification number 378.1
Item number ب535
100 1# - MAIN ENTRY--PERSONAL NAME
Personal name بوج، اي. جريدي.
245 12 - TITLE STATEMENT
Title الجودة والمسؤولية في التعليم العالي :
Remainder of title تحسين السياسة وتطوير الاداء /
Statement of responsibility, etc. اي. جريدي بوج، كيمبرلي بنجهام هول ؛ ترجمة اسامة اسبر ؛ مراجعة رزق الله ملكاوي.
250 ## - EDITION STATEMENT
Edition statement ط. 1.
260 ## - PUBLICATION, DISTRIBUTION, ETC.
Place of publication, distribution, etc. الرياض :
Name of publisher, distributor, etc. مكتبة العبيكان،
Date of publication, distribution, etc. 2012.
300 ## - PHYSICAL DESCRIPTION
Extent 389 ص. ؛
Dimensions 24 سم.
440 #0 - SERIES STATEMENT/ADDED ENTRY--TITLE
Title مشروع الترجمة المشترك ؛
Volume/sequential designation 52.
500 ## - GENERAL NOTE
General note ترجمة لكتاب: Quality and accountability in higher education / E. Bogue, K. Hall. 2003.
504 ## - BIBLIOGRAPHY, ETC. NOTE
Bibliography, etc. note يتضمن هوامش.
650 #4 - SUBJECT ADDED ENTRY--TOPICAL TERM
Topical term or geographic name entry element الجامعات والكليات
General subdivision تنظيم وادارة.
650 #4 - SUBJECT ADDED ENTRY--TOPICAL TERM
Topical term or geographic name entry element التعليم العالي
General subdivision مواصفات قياسية.
650 #4 - SUBJECT ADDED ENTRY--TOPICAL TERM
Topical term or geographic name entry element الجامعات والكليات
General subdivision اغراضه واهدافه.
700 0# - ADDED ENTRY--PERSONAL NAME
Personal name هول، كيمبرلي بنجهام،
Relator term م. مشارك.
700 0# - ADDED ENTRY--PERSONAL NAME
Personal name ملكاوي، رزق الله،
Relator term مترجم.
Holdings
Withdrawn status Lost status Source of classification or shelving scheme Damaged status Not for loan Home library Current library Date acquired Total Checkouts Full call number Barcode Date last seen Copy number Price effective from Koha item type
              11/27/2022   378.1 ب535 1000000010122 11/27/2022 ل 1 11/27/2022 Book
          CENTRAL CENTRAL 11/27/2022   378.1 ب535 1000000008323 11/27/2022 C1 11/27/2022 Book